1051 1674 1138 1060 1707 1741 1775 1769 1414 1526 1293 1851 1828 1927 1611 1500 1971 1683 1731 1070 1964 1316 1870 1391 1116 1751 1481 1277 1562 1645 1692 1836 1320 1771 1263 1488 1653 1966 1889 1806 1273 1413 1156 1063 1895 1892 1854 1248 1247 1223 1861 1738 1516 1036 1059 1409 1398 1086 1513 1273 1858 1995 1893 1885 1262 1651 1821 1637 1091 1740 1515 1484 1971 1467 1721 1892 1905 1290 1128 1938 1283 1514 1978 1440 1825 1221 1328 1251 1276 1783 1458 1575 1560 1159 1039 1078 1686 1427 1744 BCNSPRNW ULIB Ver.6.0+V

เปลี่ยนเป็นภาษาไทย

Change to English
 แสดงรายละเอียดบรรณานุกรม
  กลับหน้าหลัก

Brief Record : Get Marc (ISO 2709) : E-mail record : QR code < ปิดหน้าต่าง
LEADER : 00000nam 2200000uu 4500
001    13399124108
003     ULIB
008    150118s2556||||th 000 0 tha d
020    ^a9786162753022
060  4 ^aQZ200^bช570ข
100    ^aชิสา สรวิสูตร
245    ^aข่าวดีสำหรับผู้ป่วยโรคมะเร็ง/^cชิสา สรวิสูตร
250    ^aพิมพ์ครั้งที่ 3
260    ^aกรุงเทพฯ :^bDดี,^c2556
300    ^a184 หน้า;^b21 ซม.
650    ^aมะเร็ง^xป้งกันและรักษา
945    ^p195^l0^i038361
945    ^p195^l0^i038362
945    ^p195^l0^i038363
945    ^p195^l0^i038364
945    ^p195^l0^i038365
999    ^aเกษร โพธิ์สุวรรณ
รายการนี้ยังไม่มีแท็ก
คุณยังไม่ได้ล็อกอิน คุณสามารถมีกิจกรรมร่วมกับเว็บไซต์ได้ แต่ต้องล็อกอินก่อน ::
  ล็อกอิน

รายการสื่อสารสนเทศ

ลำดับที่ ประเภท เลขเรียก/บาร์โค้ด สถานที่ สถานะ
1. วิทยาศาสตร์การแพทย์ และสุขภาพ
หนังสือสำรอง
สถานะ=หนังสือสำรอง
QZ200 ช570ข ฉ.1 
  Barcode: 038361
ห้องสมุดวิทยาเขตสวรรค์ประชารักษ์
►ส่วนจัดเก็บหนังสือเก่า สปร
บนชั้น
  ขอยืม
2. วิทยาศาสตร์การแพทย์ และสุขภาพ
วิทยาศาสตร์การแพทย์ และสุขภาพ
QZ200 ช570ข ฉ.2 
  Barcode: 038362
ห้องสมุดวิทยาเขตสวรรค์ประชารักษ์
►ส่วนจัดเก็บหนังสือเก่า สปร
บนชั้น
  ขอยืม
3. วิทยาศาสตร์การแพทย์ และสุขภาพ
วิทยาศาสตร์การแพทย์ และสุขภาพ
QZ200 ช570ข ฉ.3 
  Barcode: 038363
ห้องสมุดวิทยาเขตสวรรค์ประชารักษ์
►ส่วนจัดเก็บหนังสือเก่า สปร
บนชั้น
  ขอยืม
4. วิทยาศาสตร์การแพทย์ และสุขภาพ
วิทยาศาสตร์การแพทย์ และสุขภาพ
QZ200 ช570ข ฉ.4 
  Barcode: 038364
ห้องสมุดวิทยาเขตสวรรค์ประชารักษ์
►ส่วนจัดเก็บหนังสือเก่า สปร
บนชั้น
  ขอยืม
5. วิทยาศาสตร์การแพทย์ และสุขภาพ
วิทยาศาสตร์การแพทย์ และสุขภาพ
QZ200 ช570ข ฉ.5 
  Barcode: 038365
ห้องสมุดวิทยาเขตสวรรค์ประชารักษ์
►ส่วนจัดเก็บหนังสือเก่า สปร
บนชั้น
  ขอยืม

รายการใกล้เคียง
    ผู้แต่ง [ชิสา สรวิสูตร]

BibComment


ยังไม่เคยถูกคอมเมนท์

คอมเมนท์ทรัพยากรรายการนี้
  คอมเมนท์: ข่าวดีสำหรับผู้ป..


 Copyright 2026. Bcnsprnw @Library